Visualizzazione normale
Vista MARC
- Harrison George
di Personal Name
Records bibliografici associati: 1
001 - CONTROL NUMBER
- control field: 23392
003 - CONTROL NUMBER IDENTIFIER
- control field: IT-RoPau
005 - DATE AND TIME OF LATEST TRANSACTION
- control field: 20140501151244.0
008 - FIXED-LENGTH DATA ELEMENTS
- fixed length control field: 140501|| aca||aabn | a|a d
040 ## - CATALOGING SOURCE
- Original cataloging agency: IT-RoPau
- Transcribing agency: IT-RoPau
100 ## - HEADING--PERSONAL NAME
- Personal name: Harrison George
- Relator term: Autore musica
- Miscellaneous information: Codice autore musica SPICS: 10100
- Name of part/section of a work: Think For Yourself - If I Needed Someone
670 ## - SOURCE DATA FOUND
- Source citation: Work cat.: (IT-RoPau)99090: Lennon John 23386, Rubber Soul (The Beatles) Cdp 7 46440 2